|
|
|
|
| LEADER |
00000nab a2200000 a 4500 |
| 001 |
vtls008630195 |
| 003 |
SK-MaSNL |
| 005 |
20260303071612.0 |
| 008 |
140303c2005 xo wrzp 0 0slo |
| 015 |
|
|
|a SNBRB2006/03
|2 snkbucl
|
| 040 |
|
|
|a SNKBUCL
|b slo
|c SNKBUCL
|e AACR2
|
| 041 |
0 |
|
|a slo
|
| 044 |
|
|
|a xo
|c SK
|
| 080 |
|
|
|a 616.12-005.4-085
|2 1997
|
| 080 |
|
|
|a 616.12-009.72-085
|2 1997
|
| 080 |
|
|
|a 615.22
|2 1997
|
| 080 |
|
|
|a 615.272
|2 1997
|
| 100 |
1 |
|
|a Mosnárová, Alena
|4 aut
|9 266510
|
| 245 |
1 |
0 |
|a Nový pohľad na liečbu ischemickej choroby srdca
|c Alena Mosnárová
|
| 300 |
|
|
|b Fotogr.
|
| 610 |
2 |
7 |
|a Slovenská kardiologická spoločnosť.
|b Kongres
|n (10. :
|d 2005 :
|c Bratislava, Slovensko)
|2 snkbucl
|9 164451
|
| 650 |
0 |
7 |
|a choroba srdca ischemická
|x farmakoterapia
|2 snkbucl
|9 1069984
|
| 650 |
0 |
7 |
|a srdce
|x ischémia
|x prevencia
|x liečba
|2 snkbucl
|9 1070455
|
| 650 |
0 |
7 |
|a Prestarium (liek)
|2 snkbucl
|9 1070456
|
| 650 |
0 |
7 |
|a perindopril
|2 snkbucl
|9 1043874
|
| 650 |
0 |
7 |
|a angina pectoris
|2 snkbucl
|9 2422
|
| 650 |
0 |
7 |
|a trimetazidín
|2 snkbucl
|9 1033557
|
| 773 |
0 |
|
|t Zdravotnícke noviny
|g Roč. X, č. 43 (2005)
|x 1335-4477
|
| 773 |
0 |
|
|t Kompendium medicíny
|g S. 19-23
|
| 852 |
|
|
|a SNK
|b KIS3GCP
|
| 958 |
|
|
|a ME
|
| 958 |
|
|
|a SK
|
| 999 |
|
|
|c 1760721
|d 1762651
|